Escuela de capacitación de base comunal para áreas marginales y en proceso de deterioro urbano, caso específico : La Verbena
Presenta un anteproyecto arquitectónico para resolver el grave problema de la marginalidad, que en la actualidad afecta en forma aflictiva al 7 por ciento de la población provocando un deterioro de las areas urbanas con su influencia.
| Main Author: | |
|---|---|
| Other Authors: | |
| Format: | Tesis Section = Libro |
| Language: | Undetermined Spanish |
| Published: |
Guatemala
USAC-G
1972
|
| Subjects: |
| LEADER | 00967nam a2200217Ia 4500 | ||
|---|---|---|---|
| 008 | 240830s9999 xx 000 0 und d | ||
| 040 | |a BIBLIOTECA-RUSB/ Mon 727.4728112 O48 | ||
| 041 | |a spa | ||
| 082 | |a Mon 727.4728112 O48 | ||
| 100 | 1 | |a Olivero Faerrón, Francisco Luis | |
| 245 | 1 | 0 | |a Escuela de capacitación de base comunal para áreas marginales y en proceso de deterioro urbano, caso específico : La Verbena |
| 260 | |a Guatemala |b USAC-G |c 1972 | ||
| 300 | |a 56 p. :il. | ||
| 502 | |a Tesis (Arquitecto) - USAC-G, 1972. | ||
| 520 | 3 | |a Presenta un anteproyecto arquitectónico para resolver el grave problema de la marginalidad, que en la actualidad afecta en forma aflictiva al 7 por ciento de la población provocando un deterioro de las areas urbanas con su influencia. | |
| 650 | 7 | |a ESCUELAS TECNICAS | |
| 650 | 7 | |b CONSTRUCCIONES ESCOLARES (GUATEMALA) | |
| 700 | 1 | |a Tutor: |b Del Valle Noriega, Victor M. | |
| 942 | |c BK |2 ddc | ||
| 991 | |a TESIS | ||
| 999 | |c 21408 | ||